Ice Cube Discography - Statistics

General Stats
  • This quiz has been taken 70 times
    45 since last reset
  • The average score is 8 of 30
Answer Stats
Year Name Type % Correct
1993 Lethal Injection Album
79%
1990 AmeriKKKa's Most Wanted Albm
74%
1992 The Predator Album
68%
1991 Death Certificate Album
65%
1995 Friday Soundtrack
53%
1998 War & Peace Vol. 1 (The War Disc) Album
53%
2000 War & Peace Vol. 2 (The Peace Disc) Album
47%
2008 Raw Footage Album
44%
2006 Laugh Now, Cry Later Album
41%
2018 Everythang's Corrupt Album
38%
1990 Kill at Will EP
38%
1991 Boyz n the Hood Soundtrack
32%
2001 Greatest Hits Compilation
29%
2010 I Am the West Album
29%
1994 Bootlegs & B-Sides Compilation
21%
1999 Next Friday Soundtrack
18%
2008 The Essentials Compilation
18%
2002 Friday After Next Soundtrack
15%
1997 Featuring...Ice Cube Compilation
12%
2007 In the Movies Compilation
12%
2013 Icon Compilation
9%
1998 The Players Club Soundtrack
9%
2002 Barbershop Soundtrack
6%
2016 Barbershop: The Next Cut (Original Motion Picture Soundtrack) Soundtrack
6%
2005 xXx: State of the Union Soudtrack
6%
1997 Dangerous Ground Soundtrack
3%
1998 I Got the Hook-Up Soundtrack
3%
1994 Murder Was the Case Soundtrack
3%
1997 Steel Soundtrack
3%
2022 Bad MFs Collaborative Album
0%
No matching quizzes found
Score Distribution
Percent of People with Each Score
Percentile by Number Answered
Your Score History
You have not taken this quiz since the last reset